Stranger Things Quiz - Statistics

General Stats
  • This quiz has been taken 115 times
  • The average score is 10 of 15
Answer Stats
Hint Answer % Correct
Song that helps Max break free from Vecna Running Up That Hill
93%
What Eleven uses to smack Angela with in season 4 Roller Skate
91%
First person to be killed by the Demogorgon (not including flashbacks or that random man at the very start) Barbara Holland
86%
Sassy child that you can't spell America without Erica Sinclair
86%
Ice cream parlour that Steve and Robin work at Scoops Ahoy
85%
Name of the Mall that is built and eventually destroyed in season 3 Starcourt Mall
84%
Name of Dustin's pet Demo-Dog D'Artagnan
79%
Song that Dustin and Suzie sing at finale of season 3 The NeverEnding Story
79%
Alexei's favourite flavour of slurpees Cherry
77%
Fast food company that Argyle works at Surfer Boy Pizza
61%
Nickname of Lucas' basketball team Tigers
49%
Name of town in California that the Byers family and Eleven moved to Lenora
47%
Mayor of Hawkins Larry Kline
40%
First person to be killed by Vecna/Henry/001 Virginia Creel
24%
Son of Hopper's friend, Antonov Mikhail
15%
No matching quizzes found
Score Distribution
Percent of People with Each Score
Percentile by Number Answered
Your Score History
You have not taken this quiz